000 00439cam a2200181ua 4500
020 _c3.00
041 _ahin
_h
082 _a891.54
_bUSH/VA
100 _aUsha Devi, Mithra .
245 _aVachan ka mol /
_cUsha Devi Mithra.
_hTextual Documents
250 _a5 /
_b.
260 _aNew Delhi :
_bNational Publishing House ,
_c1963.
300 _a160 ; .
365 _a3.00
504 _a
942 _cBK
999 _c8070
_d8070